MDQL
is popping MORE tags! Check the
thread
!
Quizzes
Events
Quiz Creation
Community
Videos
Private Events
Remove Ads
Sign In
Join for FREE
Feedback
Dark Mode
Quiz Categories
Sports
Geography
Music
Movies
Television
Just For Fun
Miscellaneous
History
Literature
Language
Science
Gaming
Entertainment
Religion
Holiday
For Kids
Quiz Lab
Recent
Popular Today
Quiz Kudos Today
Editor Picks
Curator Picks
Quizzes by...
Day
Popularity
Type
Ratings
Length
Year
Community
Subscriptions
Recent Discussions
Orange Saloon
Badges
Playlists
Quests
Create
Leaderboards
Showdown
Live 5
Trivia Bingo
Activity
Puzzle Library
Sporcle Events
Private Events
Virtual Trivia
Globe League
Become a Host
Pub Owners
SporcleCon
Opinionation
Our Games
Videos
Blog
Mobile Apps
Partnerships
Remove Ads and Go Orange
Feedback
History
US Presidents
World Leaders
Politics
Nation
Discovery
War
Decade
Year
Century
Biography
Art
History
US Presidents
World Leaders
Politics
Nation
Discovery
War
Decade
Year
Century
Biography
Art
Random Quiz
Search Sporcle
×
Quiz Lab
Quiz Lab
History
Politics
Type in answers that appear in a list
Type in answers that appear in a list
Classic
Best Score? Go Orange.
United States Governors (2017) Stats
Can you name the United States Governors who will be in office in 2017?
By
byelin
12m
50 Questions
149 Plays
149 Plays
149 Plays
Comments
Comments
Give Quiz Kudos
Give Quiz Kudos
-
- Ratings
hide this ad
Replay
Link that replays current quiz
Next Quiz
Link to next quiz in quiz playlist
You Got
0%
They Got
Avg Score
55%
Avg Friend Score
Upgrade to see
Score Distribution
Jump to the score distribution portion of the page
Score
0/50
Timer
12:00
0
Plays Today
State
Governor
% Correct
Oregon
Kate Brown
83.2%
California
Jerry Brown
81.2%
Vermont
Phil Scott
78.5%
New York
Andrew Cuomo
77.9%
Florida
Rick Scott
76.5%
Alaska
Bill Walker
75.8%
Wisconsin
Scott Walker
75.8%
New Jersey
Chris Christie
74.5%
Ohio
John Kasich
70.5%
Texas
Greg Abbott
68.5%
Maine
Paul LePage
66.4%
Colorado
John Hickenlooper
63.1%
Louisiana
John Bel Edwards
62.4%
Michigan
Rick Snyder
61.1%
New Mexico
Susana Martinez
61.1%
Kansas
Sam Brownback
59.7%
Nevada
Brian Sandoval
59.7%
North Carolina
Roy Cooper
59.7%
Alabama
Kay Ivey
58.4%
Massachusetts
Charlie Baker
58.4%
Virginia
Terry McAuliffe
58.4%
New Hampshire
Chris Sununu
56.4%
Maryland
Larry Hogan
55.7%
Pennsylvania
Tom Wolf
55%
Oklahoma
Mary Fallin
54.4%
State
Governor
% Correct
Washington
Jay Inslee
54.4%
Arkansas
Asa Hutchinson
53%
Arizona
Doug Ducey
51.7%
Montana
Steve Bullock
51.7%
West Virginia
Jim Justice
51%
Georgia
Nathan Deal
50.3%
Minnesota
Mark Dayton
50.3%
Illinois
Bruce Rauner
49%
South Carolina
Henry McMaster
48.3%
Connecticut
Dan Malloy
47.7%
Hawaii
David Ige
47%
Rhode Island
Gina Raimondo
46.3%
Idaho
Butch Otter
45.6%
Tennessee
Bill Haslam
45.6%
Kentucky
Matt Bevin
45%
Iowa
Kim Reynolds
44.3%
Mississippi
Phil Bryant
42.3%
Indiana
Eric Holcomb
41.6%
Utah
Gary Herbert
40.9%
Missouri
Eric Greitens
40.3%
Nebraska
Pete Ricketts
40.3%
Wyoming
Matt Mead
38.3%
Delaware
John Carney
33.6%
South Dakota
Dennis Daugaard
30.9%
North Dakota
Doug Burgum
28.2%
Quiz Playlist
Details
Report
Send in Message
Add To Playlist
Classic:
Type in answers that appear in a list
Last Updated: Jun 25, 2017
Quiz Scoreboard
CHALLENGE
Sign Up to Join the Scoreboard
Show All
Scores
Hide
Comments
May contain spoilers
Recently Published
Image Sorting: Flags VI
by Barbecue
Geography
2m
Find the 'City' Movie
by crazypaving
Movies
60s
Colored Red Africa Blitz
by spor1
Geography
45s
More to Explore
Quiz From the Vault
Featured Blog Post
14 Easter Pick-up Lines to Find Eggs With
hide this ad
You Might Also Like...
Tags
Politics Quiz
Governor
US Political
Today's Top Quizzes in History
Browse History
hide this ad
Today's Top Quizzes in Politics
Browse Politics
Top Contributed Quizzes in History
1
I Am Born On March 29th
2
Order Up: 1000 Years of World Events I
3
US National Parks Named After People
4
Popular People in 1951
5
Popular People in 1991
6
Popular People in 1941
7
Popular People in 1986
8
Popular People in 1981
9
Popular People in 1921
10
Popular People in 1976
Explore More
Trending Topics
Anime
Kpop
Crossword
Harry Potter
Marvel
Disney
NBA
Pokémon
NFL
Country
Puzzle
WWE
Soccer
The Office
Song
hide this ad
More By:
byelin
Quiz
Plays
Rating
Category
Featured
Created
2021 MLB Opening Day Lineups - Updated 4/6
6,703
3.75
Sports
Apr 2, 2021
2019 MLB Opening Day Lineups
3,163
3.50
Sports
Mar 28, 2019
2018 MLB Opening Day Lineups
3,086
4.80
Sports
Mar 30, 2018
2022 MLB Opening Day Lineups
1,679
4.60
Sports
Apr 8, 2022
116th United States Senate
969
History
Nov 28, 2018
Go to Creator's Profile
Score Distribution
Quiz Creator Spotlight
byelin
Follow
Send a Message
Quizzes Created
-
Created Quiz Play Count
-
More By This Creator
Popular Quizzes Today
1
Colored Red Africa Blitz
2
Find the US States - No Outlines Minefield
3
Find the 'City' Movie
4
5x2 Blitz: Bands
5
The Countries of the World
6
Find the US States
7
Find the Countries of Europe - No Outlines Minefield
8
US States
More History Quizzes
US President Runners-Up
Published
Trending Quizzes
Colored Red Europe Blitz I
Colored Red Europe Blitz II
Colored Red Africa Blitz II
Colored Red Europe Blitz III
Colored Red Africa Blitz III
Recently Updated
How Do You Spell That?
pecheneg
Godzilla Movies
pecheneg
Grab Bag: 4-10 Letters
pecheneg
2024 March Madness Bracket
pecheneg
Famous TV Couples
Peacemaker
Champions League XIs: Real Madrid
pecheneg
Largest US Cities 1790-2010
pecheneg
Rides in Walt Disney World
pecheneg
Most Oscar Losses (Acting)
pecheneg
Beyoncé Albums
pecheneg
Trending Topics
Anime
NBA
Crossword
Disney
Harry Potter
Marvel
Kpop
Soccer
The Office
WWE
Puzzle
NFL
Pokémon
Song
Country
Your Account Isn't Verified!
In order to create a playlist on Sporcle, you need to verify the email address you used during registration. Go to your
Sporcle Settings
to finish the process.
Report this User
Report this user for behavior that violates our
Community Guidelines
.
Details:
Send Report
Go to the Sporcle.com Mobile Site →
Comments